[Event "Portoroz/Ljubljana"]
[Site "Ljubljana"]
[Date "1985.??.??"]
[Round "4"]
[White "Parma, Bruno"]
[Black "Nikolic, Predrag"]
[Result "1/2-1/2"]
[WhiteElo "2490"]
[BlackElo "2575"]

1.e4 e5 2.Nf3 Nc6 3.Bb5 a6 4.Ba4 Nf6 5.O-O Be7 6.Re1 b5 7.Bb3 d6 8.c3 O-O
9.h3 Na5 10.Bc2 c5 11.d4 Qc7 12.Nbd2 Bd7 13.Nf1 cxd4 14.cxd4 Rac8 15.Ne3 Nc6
16.a3 Nxd4 17.Nxd4 exd4 18.Qxd4 Be6  1/2-1/2

[Event "Portoroz/Ljubljana"]
[Site "Ljubljana"]
[Date "1985.??.??"]
[Round "5"]
[White "Nikolic, Predrag"]
[Black "Miles, Anthony J"]
[Result "1/2-1/2"]
[WhiteElo "2575"]
[BlackElo "2570"]

1.d4 Nf6 2.c4 e6 3.Nf3 b6 4.g3 Bb4+ 5.Bd2 Bxd2+ 6.Qxd2 Ba6 7.b3 c6 8.Qb2 d5
9.Nbd2 Nbd7 10.Bg2 O-O 11.O-O c5 12.Rac1 Bb7 13.dxc5 Nxc5 14.b4 Ncd7 15.Nd4 Qe7
16.cxd5 Nxd5 17.Bxd5 Bxd5 18.e4 Bb7 19.Rc7 Rab8 20.Rfc1 Qd8 21.Nc6 Bxc6 22.R1xc6 a5
23.b5 Nc5 24.Qc3 e5 25.Nf3 Qd1+ 26.Kg2 Qe2 27.Qxe5 Rbd8 28.Nd4 Qb2 29.Nf3 Qxb5
30.Rd6 Rxd6 31.Qxd6 Nxe4 32.Qd4 Nc5 33.Qd5 Qb1 34.Ng5 Qg6 35.Rc6 Qh5 36.Rxb6 Ne6
37.h4 h6 38.Qf3 Qxf3+ 39.Nxf3 Rc8 40.Ne5 Rc2 41.a4 g5 42.hxg5 hxg5 43.Rb7 Rc7
44.Rxc7 Nxc7 45.Nc6 Nd5 46.Kf3 Nc3 47.Kg4 Nxa4 48.Nxa5 Nc3 49.Nc4  1/2-1/2

[Event "Portoroz/Ljubljana"]
[Site "Ljubljana"]
[Date "1985.??.??"]
[Round "6"]
[White "Gligoric, Svetozar"]
[Black "Nikolic, Predrag"]
[Result "1/2-1/2"]
[WhiteElo "2520"]
[BlackElo "2575"]

1.d4 Nf6 2.c4 e6 3.Nf3 b6 4.Nc3 Bb7 5.e3 d5 6.Bd3 Bd6 7.O-O O-O 8.b3 a6 9.Bb2 Nbd7
10.Rc1 Ne4 11.Ne2 Qe7 12.Ne5 Rfd8 13.cxd5 exd5 14.Nc6 Bxc6 15.Rxc6 Nb8 16.Rc2 c5
17.Ng3 Nxg3 18.hxg3 Nd7 19.Qf3 cxd4 20.exd4 Nf6 21.Re2 Qb7 22.Bc1 Re8 23.Rfe1 Rxe2
24.Rxe2 Re8 25.Rxe8+ Nxe8 26.Qe2 Nc7 27.Qg4 Ne6 28.Be3 Qc6 29.Bf5 Be7 30.Qe2 b5
31.Qd3  1/2-1/2

[Event "Portoroz/Ljubljana"]
[Site "Ljubljana"]
[Date "1985.??.??"]
[Round "7"]
[White "Nikolic, Predrag"]
[Black "Ribli, Zoltan"]
[Result "0-1"]
[WhiteElo "2575"]
[BlackElo "2615"]

1.Nf3 Nf6 2.c4 e6 3.Nc3 d5 4.d4 c5 5.cxd5 Nxd5 6.e3 Nc6 7.Bc4 cxd4 8.exd4 Be7
9.O-O O-O 10.Re1 Bf6 11.Ne4 b6 12.a3 Bb7 13.Qd3 Rc8 14.Nfg5 Bxg5 15.Bxg5 f6
16.Bd2 Qd7 17.Rad1 Nce7 18.Ba2 Rfe8 19.h4 Kh8 20.Bb1 g6 21.Qh3 Nf5 22.Ba2 Rf8
23.Ng3 Rc2 24.Bc1 a5 25.Bb1 Rxc1 26.Rxc1 Nf4 27.Qg4 Nxg2 28.Red1 Nh6 29.Qe2 Nf4
30.Qd2 e5 31.d5 Qh3 32.Be4 Ng4 33.Nf1 Qxh4 34.Bg2 Ba6 35.Re1 Bxf1  0-1

[Event "Portoroz/Ljubljana"]
[Site "Ljubljana"]
[Date "1985.??.??"]
[Round "9"]
[White "Nikolic, Predrag"]
[Black "Christiansen, Larry Mark"]
[Result "1-0"]
[WhiteElo "2575"]
[BlackElo "2560"]

1.d4 e6 2.e4 d5 3.e5 c5 4.c3 Nc6 5.Nf3 Bd7 6.a3 Nge7 7.b4 cxd4 8.cxd4 Nf5
9.Bb2 Be7 10.Bd3 O-O 11.O-O f6 12.Bxf5 exf5 13.Nc3 Be8 14.Qd3 f4 15.e6 Bh5
16.Rfe1 a6 17.Qf5 Bxf3 18.gxf3 Nxd4 19.Qd3 Nc6 20.Nxd5 Qe8 21.Rad1 Rd8 22.Qe4 Qh5
23.Nxf4 Qg5+ 24.Kh1 Rxd1 25.Rxd1 Rd8 26.Rg1 Qb5 27.Ng6 Re8 28.Nxe7+ Nxe7
29.Bxf6 Ng6 30.Bd4 Qc6 31.Qxc6 bxc6 32.h4 Re7 33.Rg4 Rxe6 34.h5 Re1+ 35.Kg2 Ne5
36.Rg3 g6 37.Bc3  1-0

[Event "Naestved"]
[Site "Naestved"]
[Date "1985.??.??"]
[Round "1"]
[White "Tal, Mihail"]
[Black "Nikolic, Predrag"]
[Result "1/2-1/2"]
[WhiteElo "2565"]
[BlackElo "2565"]

1.c4 e5 2.g3 Nc6 3.Bg2 f5 4.e3 Nf6 5.Ne2 g6 6.d4 e4 7.Nbc3 d5 8.cxd5 Nb4
9.O-O Nbxd5 10.Nxd5 Qxd5 11.f3 exf3 12.Bxf3 Qc4 13.b3 Qa6 14.Qc2 Qb6 15.e4 fxe4
16.Bxe4 Be7 17.Bg5 Nxe4 18.Qxe4 Qe6 19.Qh4 Bxg5 20.Qxg5 Qe7 21.Qxe7+ Kxe7
22.Rae1 Bf5 23.g4 Bxg4 24.Nc3+ Kd8 25.Rf7 Re8 26.Re5 Rxe5 27.dxe5 Ke8 28.Rxh7 Rd8
29.Ne4 Rd1+ 30.Kf2 Bf5 31.Nc5 Rd5 32.Nxb7 Rxe5 33.Rxc7 Rd5 34.Ke3 Bb1 35.a4 Rd3+
36.Kf4 Rxb3 37.Nd6+ Kd8 38.Rxa7 Rh3 39.Rb7 Bd3 40.Rb3 Rxh2 41.Rxd3 Rh4+ 42.Ke5 Rxa4
43.Ke6 Kc7  1/2-1/2

[Event "Naestved"]
[Site "Naestved"]
[Date "1985.??.??"]
[Round "2"]
[White "Nikolic, Predrag"]
[Black "Agdestein, Simen"]
[Result "1-0"]
[WhiteElo "2565"]
[BlackElo "2515"]

1.d4 Nf6 2.c4 e6 3.Nf3 b6 4.Nc3 Bb7 5.a3 d5 6.cxd5 Nxd5 7.Qc2 Nf6 8.e4 Nbd7
9.Bf4 Be7 10.Bd3 Nh5 11.Be3 c5 12.d5 exd5 13.exd5 Nhf6 14.O-O-O Bd6 15.Bg5 Qb8
16.Rhe1+ Kf8 17.Bb5 Bf4+ 18.Kb1 Bxg5 19.Nxg5 h6 20.Nge4 a6 21.Bc6 Qc7 22.Bxb7 Qxb7
23.Qd3 Rd8 24.Qg3 Nxe4 25.Nxe4 Qb8 26.d6 Kg8 27.Nc3 Nf6 28.Re7 h5 29.Nd5 Rh6
30.Nxf6+ Rxf6 31.d7 Qa8 32.Qe5 Re6 33.Rxe6 fxe6 34.Qxe6+ Kh8 35.Re1  1-0

[Event "Naestved"]
[Site "Naestved"]
[Date "1985.??.??"]
[Round "3"]
[White "Short, Nigel D"]
[Black "Nikolic, Predrag"]
[Result "1/2-1/2"]
[WhiteElo "2575"]
[BlackElo "2565"]

1.e4 e5 2.Nf3 Nc6 3.Bb5 a6 4.Ba4 Nf6 5.O-O Be7 6.Re1 b5 7.Bb3 O-O 8.a4 Bb7
9.d3 Re8 10.Nc3 b4 11.Nd5 Na5 12.Nxe7+ Qxe7 13.Ba2 d5 14.exd5 Qd6 15.c4 bxc3
16.bxc3 Bxd5 17.Bg5 Bxa2 18.Rxa2 Nd5 19.Rc2 c5 20.Bc1 Rad8 21.Ba3 Nf4 22.Rd2 h6
23.g3 Nxd3 24.Nxe5 Rxe5 25.Rxe5 Qxe5 26.Rxd3 Rxd3 27.Qxd3 Nb3 28.Bb2 Qe1+  1/2-1/2

[Event "Naestved"]
[Site "Naestved"]
[Date "1985.??.??"]
[Round "5"]
[White "Vaganian, Rafael A"]
[Black "Nikolic, Predrag"]
[Result "1-0"]
[WhiteElo "2625"]
[BlackElo "2565"]

1.Nf3 d5 2.d4 Nf6 3.c4 dxc4 4.Nc3 a6 5.e4 b5 6.e5 Nd5 7.a4 Nxc3 8.bxc3 Qd5
9.g3 Be6 10.Bg2 Qb7 11.O-O Bd5 12.e6 Bxe6 13.axb5 axb5 14.Ne5 Bd5 15.Bxd5 Qxd5
16.Rxa8 Qxa8 17.Qg4 e6 18.Qh5 g6 19.Nxg6 hxg6 20.Qxh8 Nd7 21.Bf4 Qa3 22.d5 exd5
23.Re1+ Kd8 24.Bg5+  1-0

[Event "Naestved"]
[Site "Naestved"]
[Date "1985.??.??"]
[Round "6"]
[White "Nikolic, Predrag"]
[Black "Chandler, Murray G"]
[Result "1-0"]
[WhiteElo "2565"]
[BlackElo "2525"]

1.d4 Nf6 2.c4 e6 3.Nf3 b6 4.Nc3 Bb7 5.a3 d5 6.cxd5 exd5 7.g3 Be7 8.Bg2 O-O
9.O-O c5 10.Bf4 Nbd7 11.Ne5 Re8 12.Rc1 Nf8 13.dxc5 bxc5 14.Nc4 Ng6 15.Bg5 Rb8
16.Bxf6 Bxf6 17.Nxd5 Bxb2 18.Nxb2 Bxd5 19.Qxd5 Qxd5 20.Bxd5 Rxb2 21.e4 Rc8
22.Rc3 Ne5 23.Rfc1 g5 24.h3 h5 25.Kf1 g4 26.hxg4 hxg4 27.R1c2 Rb5 28.Ke2 Kg7
29.Bc4 Ra5 30.Ke3 Kf6 31.Kf4 Ra4 32.Bb5 Ng6+ 33.Ke3 Ra5 34.Bd7 Rb8 35.Bxg4 Rb1
36.Be2 Ra1 37.Rxc5 Rxc5 38.Rxc5 Rxa3+ 39.Kd4 Nf8 40.e5+ Kg7 41.Ke4 Ne6 42.Rc4 a5
43.Bd3 a4 44.f4 Ra1 45.f5 Re1+ 46.Kf3 Nf8 47.Kf4 Rd1 48.Rc3 Nd7 49.f6+ Kh6
50.g4  1-0

[Event "Naestved"]
[Site "Naestved"]
[Date "1985.??.??"]
[Round "7"]
[White "Browne, Walter S"]
[Black "Nikolic, Predrag"]
[Result "1-0"]
[WhiteElo "2510"]
[BlackElo "2565"]

1.d4 Nf6 2.c4 e6 3.Nf3 b6 4.a3 d5 5.cxd5 exd5 6.Nc3 Be7 7.Bf4 O-O 8.e3 c5
9.Be2 Bb7 10.O-O Nc6 11.Ne5 Nxe5 12.dxe5 Ne4 13.Nxe4 dxe4 14.Bc4 Bc6 15.Qg4 Kh8
16.Rad1 Qe8 17.Bg3 Rd8 18.Rxd8 Qxd8 19.Rd1 Qa8 20.Bh4 Bxh4 21.Qxh4 Qe8 22.Qf4 b5
23.Bd5 Bxd5 24.Rxd5 Qe7 25.Qxe4 h6 26.h3 Re8 27.Qc2 Rc8 28.Qf5 Rc7 29.Qd3  1-0

[Event "Naestved"]
[Site "Naestved"]
[Date "1985.??.??"]
[Round "10"]
[White "Nikolic, Predrag"]
[Black "Larsen, Bent"]
[Result "0-1"]
[WhiteElo "2565"]
[BlackElo "2565"]

1.d4 Nf6 2.c4 e6 3.Nf3 b6 4.Nc3 Bb4 5.e3 Bb7 6.Bd3 c5 7.O-O O-O 8.Bd2 d6
9.a3 Bxc3 10.Bxc3 Nbd7 11.Re1 Rc8 12.e4 cxd4 13.Nxd4 Nc5 14.f3 Nxd3 15.Qxd3 Ba6
16.b3 d5 17.exd5 Nxd5 18.Bb2 Qg5 19.Qe4 Nf4 20.g3 Ng6 21.Rad1 Rfd8 22.Kg2 e5
23.h4 Qf6 24.Nc2 h5 25.Nb4 Rxd1 26.Rxd1 b5 27.f4 bxc4 28.fxe5 Qb6 29.Nxa6 Qxb3
30.Rb1 c3 31.Bc1 Qa2+ 32.Kf1 c2 33.Rb7 Qa1 34.Qe1 Nxe5 35.Nb4 a5 36.Nxc2 Qa2  0-1

[Event "Bor"]
[Site "Bor"]
[Date "1986.??.??"]
[Round "2"]
[White "Ivanovic, Bozidar"]
[Black "Nikolic, Predrag"]
[Result "1/2-1/2"]
[WhiteElo "2485"]
[BlackElo "2600"]

1.e4 e5 2.Nf3 Nc6 3.Bb5 a6 4.Ba4 Nf6 5.O-O Be7 6.Re1 b5 7.Bb3 O-O 8.d3 d6
9.a4 Na5 10.Ba2 c5 11.Bg5 Be6 12.c3 c4 13.Nbd2 Nd7 14.Bxe7 Qxe7 15.d4 Bg4
16.Bb1 Nb6 17.Bc2 Bd7 18.axb5 axb5  1/2-1/2

[Event "Bor"]
[Site "Bor"]
[Date "1986.??.??"]
[Round "3"]
[White "Nikolic, Predrag"]
[Black "Watson, William N"]
[Result "1/2-1/2"]
[WhiteElo "2600"]
[BlackElo "2495"]

1.d4 Nf6 2.c4 g6 3.Nf3 Bg7 4.g3 c6 5.Bg2 d5 6.cxd5 cxd5 7.O-O O-O 8.Ne5 Ng4
9.f4 Nxe5 10.dxe5 e6 11.Nc3 Nc6 12.b3 Qa5 13.Bb2 Bd7 14.Kh1 Rfd8 15.a3 Be8
16.Rc1 Bf8 17.b4 Qb6 18.Qd2 a5 19.b5 Ne7 20.a4 Nf5 21.Nb1 Bc5 22.Qd3 h5 23.Bh3 Be3
24.Nd2 Rac8 25.Bxf5 exf5 26.Rxc8 Rxc8 27.Rf3 Bxd2 28.Qxd2 Rc4 29.Qd1 Qc5
30.Rd3 Qb4 31.Rd2 Bd7 32.Kg1 Be6 33.Kg2 h4 34.Bd4 h3+ 35.Kf2 Bd7 36.Bb6 Be6
37.Rd4 Qc3  1/2-1/2

[Event "Bor"]
[Site "Bor"]
[Date "1986.??.??"]
[Round "7"]
[White "Nikolic, Predrag"]
[Black "Ilincic, Zlatko"]
[Result "1/2-1/2"]
[WhiteElo "2600"]
[BlackElo "2490"]

1.d4 Nf6 2.c4 e6 3.Nf3 b6 4.Nc3 Bb4 5.Bg5 h6 6.Bh4 Bxc3+ 7.bxc3 d6 8.e3 Nbd7
9.Bd3 O-O 10.e4 e5 11.O-O Re8 12.Qc2 g5 13.Bg3 Nh5 14.Nd2 Qf6 15.Rfe1 Nxg3
16.fxg3 exd4 17.e5 Rxe5 18.Rf1 Qg7 19.Nf3 Re7 20.Nxd4 Nc5 21.Rae1 Rxe1 22.Rxe1 Bd7
23.Nf5 Bxf5 24.Bxf5 Kf8 25.Qe2 Qe5 26.Qxe5 dxe5 27.Rxe5 Rd8 28.Re2 Rd1+ 29.Kf2 Rc1
30.Rc2 Rxc2+ 31.Bxc2 Ke7 32.Kf3 Ke6 33.Kg4 Kf6 34.Kh5 Kg7 35.h4 gxh4 36.gxh4 Nd7
37.Kg4 Ne5+ 38.Kf4 Nxc4 39.Bb3 Nd6 40.Ke5 Kf8 41.g4 Ke7 42.g5 hxg5 43.hxg5 c6
44.Ba4 b5 45.Bb3 Nb7 46.Bd1 Nc5 47.Bf3 Nd7+ 48.Kf5 Nb8 49.Ke5 a5 50.Kd4 Kd6
51.Bh5 c5+ 52.Ke4 Ke6 53.Bg4+ Kd6  1/2-1/2

[Event "Bor"]
[Site "Bor"]
[Date "1986.??.??"]
[Round "8"]
[White "Eingorn, Vereslav S"]
[Black "Nikolic, Predrag"]
[Result "1-0"]
[WhiteElo "2570"]
[BlackElo "2600"]

1.d4 Nf6 2.c4 e6 3.Nf3 d5 4.Nc3 Be7 5.Qc2 O-O 6.cxd5 exd5 7.Bg5 c6 8.e3 Ne4
9.Bxe7 Qxe7 10.Bd3 f5 11.O-O Be6 12.Ne5 Nd7 13.f4 Kh8 14.Rab1 a5 15.Na4 g5
16.Nxd7 Bxd7 17.Bxe4 fxe4 18.Qc5 Rae8 19.Qxe7 Rxe7 20.fxg5 Rg8 21.h4 h6 22.gxh6 Bg4
23.Rf2 Rh7 24.Rbf1 Rxh6 25.Rf8 Rxf8 26.Rxf8+ Kg7 27.Rb8 b5 28.Nc5 Rxh4 29.Rb7+ Kf8
30.Rc7 Rh6 31.Nb7 Rg6 32.Kf2 Rf6+ 33.Ke1 Rh6 34.Nxa5 Rh1+ 35.Kf2 Rb1 36.b3 Rb2+
37.Kg3 Bd1 38.Rxc6 Rxa2 39.b4 Re2 40.Kf4 Rxg2 41.Ke5 Rg3 42.Rc3 Be2 43.Nb7 Bd3
44.Nd6 Rxe3 45.Rc8+ Ke7 46.Nf5+ Kd7 47.Nxe3 Kxc8 48.Kxd5 Kd7 49.Ke5 Bb1 50.d5 Kd8
51.Nf5  1-0

[Event "Bor"]
[Site "Bor"]
[Date "1986.??.??"]
[Round "9"]
[White "Nikolic, Predrag"]
[Black "Velimirovic, Dragoljub"]
[Result "1/2-1/2"]
[WhiteElo "2600"]
[BlackElo "2570"]

1.Nf3 Nf6 2.c4 g6 3.g3 Bg7 4.Bg2 O-O 5.O-O d6 6.d4 Nc6 7.Nc3 Bg4 8.h3 Bxf3
9.Bxf3 Nd7 10.Be3 e5 11.Bxc6 bxc6 12.Qd2 exd4 13.Bxd4 Bxd4 14.Qxd4 Qf6 15.Qxf6 Nxf6
16.Rfd1 Rfe8 17.e3 Ne4  1/2-1/2

[Event "Bor"]
[Site "Bor"]
[Date "1986.??.??"]
[Round "10"]
[White "Nikolic, Zivoslav"]
[Black "Nikolic, Predrag"]
[Result "0-1"]
[WhiteElo "2475"]
[BlackElo "2600"]

1.e4 e5 2.Nf3 Nc6 3.Bb5 a6 4.Bxc6 dxc6 5.O-O f6 6.d4 exd4 7.Nxd4 c5 8.Ne2 Qxd1
9.Rxd1 Bd7 10.Nbc3 Ne7 11.Bf4 O-O-O 12.Bg3 Nc6 13.Nd5 Ne5 14.Nef4 c4 15.f3 h5
16.Bf2 h4 17.h3 Re8 18.Ne3 Bd6 19.Nfd5 Kb8 20.Nb6 Be6 21.Nbd5 Rd8 22.Kf1 b6
23.Nf4 Bc8 24.Ne2 Rde8 25.Nd4 g6 26.Nd5 Ref8 27.Ne2 b5 28.a4 b4 29.a5 Kb7
30.Nb6 Be6 31.Nf4 Bg8 32.Na4 f5 33.Nc5+ Kc8 34.Nfe6 Re8 35.Ng5 f4 36.Nxa6 Rh5
37.Ra4 Rxg5 38.Nxb4 Bxb4 39.Rxb4 Nc6 40.Ra4 Rxa5 41.Rxa5 Nxa5 42.Bxh4 Be6
43.Bg5 Rf8 44.Be7 Rf7 45.Rd8+ Kb7 46.Bg5 c3 47.bxc3 Nc4 48.Kf2 Ne3 49.g3 Nxc2
50.gxf4 Rd7 51.Re8 Bxh3 52.Kg3 Bf1 53.e5 Bb5 54.f5 gxf5 55.Rf8 Rd3 56.Rxf5 Rxc3
57.e6 Nd4 58.Rf6 Rc6 59.e7 Rxf6 60.Bxf6 Nf5+ 61.Kf4 Nd6  0-1

[Event "Lugano op"]
[Site "Lugano"]
[Date "1986.??.??"]
[Round "?"]
[White "Nikolic, Predrag"]
[Black "Schulz, Klaus Juergen"]
[Result "1-0"]
[WhiteElo "2565"]
[BlackElo "2370"]

1.d4 e6 2.e4 d5 3.e5 c5 4.c3 Nc6 5.Nf3 Bd7 6.a3 c4 7.Be2 Na5 8.Nbd2 f5 9.O-O Ne7
10.a4 Qb6 11.b4 cxb3 12.Ba3 Ng6 13.Bxf8 Rxf8 14.c4 dxc4 15.Nxc4 Nxc4 16.Bxc4 b2
17.Rb1 Rc8 18.Ba2 Rc3 19.d5 Ra3 20.Bc4 Bxa4 21.Qd2 Qc5 22.Qxb2 Rxf3 23.Qc1 Bd7
24.Rxb7 Qc8 25.Rxa7 Nxe5 26.dxe6 Bxe6 27.Bb5+ Kd8 28.Qg5+ Rf6 29.Qxg7  1-0

[Event "Lugano op"]
[Site "Lugano"]
[Date "1986.??.??"]
[Round "?"]
[White "Nikolic, Predrag"]
[Black "Pliester, Leon"]
[Result "1-0"]
[WhiteElo "2565"]
[BlackElo "2365"]

1.d4 Nf6 2.c4 c5 3.d5 e6 4.Nc3 exd5 5.cxd5 d6 6.Nf3 g6 7.g3 Bg7 8.Bg2 O-O
9.O-O Na6 10.Nd2 Nc7 11.Nc4 b5 12.Nxd6 Qxd6 13.Bf4 Qd7 14.d6 Ne6 15.Bxa8 Nxf4
16.gxf4 b4 17.Ne4 Nxe4 18.Bxe4 Qg4+ 19.Bg2 Bb7 20.e4 Qxf4 21.Qc1 Qg4 22.h3 Qh5
23.a3 Be5 24.axb4 Bxd6 25.Qd1 Qe5 26.f4 Qe7 27.e5 Bb8 28.Bxb7 Qxb7 29.bxc5 Qxb2
30.Qd3 Qb4 31.Rac1 Bc7 32.Qc4 Qd2 33.Rcd1 Qe3+ 34.Kg2 Rb8 35.Rf3 Rb2+ 36.Kg3 Qe2
37.Qxe2 Rxe2 38.Rd7 Ba5 39.Rb3 g5 40.Kf3 Re1 41.Rxa7 Bd2 42.c6  1-0

[Event "Reykjavik op"]
[Site "Reykjavik"]
[Date "1986.??.??"]
[Round "2"]
[White "Van der Sterren, Paul"]
[Black "Nikolic, Predrag"]
[Result "0-1"]
[WhiteElo "2470"]
[BlackElo "2565"]

1.d4 d5 2.c4 e6 3.Nc3 c6 4.Nf3 f5 5.Bf4 Nf6 6.e3 Be7 7.Bd3 O-O 8.Ne5 Nbd7
9.O-O Nxe5 10.Bxe5 Ng4 11.Bg3 Bd6 12.Bxd6 Qxd6 13.g3 Kh8 14.Qe2 dxc4 15.Bxc4 e5
16.Rad1 Qh6 17.f4 b5 18.Bd3 e4 19.Bc2 b4 20.Na4 Ba6 21.Qd2 Bxf1 22.Rxf1 Qd6
23.Bb3 h6 24.Rc1 g5 25.Nc5 gxf4 26.gxf4 Nf6 27.Qxb4 Nd5 28.Qd2 Rg8+ 29.Kh1 Rg7
30.Re1 Rag8 31.Qf2 Qg6 32.Na4 Qh5 33.Qf1 Qf3+  0-1

[Event "Reykjavik op"]
[Site "Reykjavik"]
[Date "1986.??.??"]
[Round "3"]
[White "Nikolic, Predrag"]
[Black "Hjartarson, Johann"]
[Result "1/2-1/2"]
[WhiteElo "2565"]
[BlackElo "2505"]

1.d4 Nf6 2.c4 g6 3.Nf3 Bg7 4.g3 O-O 5.Bg2 c6 6.O-O d5 7.cxd5 cxd5 8.Ne5 e6
9.Nc3 Nfd7 10.f4 Nxe5 11.fxe5 Nc6 12.Be3 f6 13.exf6 Bxf6 14.Qd2 Bd7 15.Kh1 Bg7
16.Bg1 Rxf1 17.Rxf1 Ne7 18.e4 dxe4 19.Nxe4 Bc6 20.Nc5 Qd5 21.Bxd5 Bxd5+ 22.Qg2 Bxg2+
23.Kxg2 e5 24.Re1 Nc6 25.d5 Nd4 26.Bxd4 exd4 27.d6 Rd8 28.Nxb7 Rd7 29.Re7 Rxe7
30.dxe7 Kf7 31.Kf3 Kxe7 32.b3 Kf6 33.Ke4 Kg5 34.b4 Bf8 35.b5 Ba3 36.h3 h5
37.Na5 Bd6 38.Kf3 Kf5 39.Nc6 d3 40.Nxa7 Bxg3 41.Nc6 Bc7 42.Ne7+ Ke6 43.Nxg6 Kd5
44.a4 Kc4 45.Ne7 Kb3 46.Nd5  1/2-1/2

[Event "Reykjavik op"]
[Site "Reykjavik"]
[Date "1986.??.??"]
[Round "4"]
[White "Byrne, Robert E"]
[Black "Nikolic, Predrag"]
[Result "1/2-1/2"]
[WhiteElo "2505"]
[BlackElo "2565"]

1.e4 e5 2.Nf3 Nc6 3.Bb5 a6 4.Ba4 Nf6 5.O-O Be7 6.Re1 b5 7.Bb3 O-O 8.c3 d6
9.h3 Na5 10.Bc2 c5 11.d4 Qc7 12.Nbd2 cxd4 13.cxd4 Bd7 14.Nf1 Rac8 15.Bd3 Nc6
16.Be3 exd4 17.Nxd4 Ne5 18.Bc2 d5 19.Ng3 dxe4 20.Nxe4 Nxe4 21.Bxe4 Nc4 22.Qd3 g6
23.Bh6 Rfe8 24.Qf3 Bf8 25.Bxf8  1/2-1/2

[Event "Reykjavik op"]
[Site "Reykjavik"]
[Date "1986.??.??"]
[Round "5"]
[White "Nikolic, Predrag"]
[Black "Browne, Walter S"]
[Result "1-0"]
[WhiteElo "2565"]
[BlackElo "2510"]

1.d4 Nf6 2.c4 e6 3.Nf3 b6 4.g3 Ba6 5.Qa4 c5 6.Bg2 Bb7 7.O-O cxd4 8.Nxd4 Bxg2
9.Kxg2 Qc7 10.Nc3 Be7 11.f3 a6 12.Rd1 O-O 13.Bf4 Qb7 14.Rd2 Rc8 15.Rad1 Nc6
16.Nxc6 Qxc6 17.e4 b5 18.cxb5 axb5 19.Qxb5 Qxb5 20.Nxb5 d5 21.Bd6 Bxd6 22.Nxd6 Rc6
23.Nb5 Kf8 24.exd5 Nxd5 25.Ra1 Rc5 26.Nd4 e5 27.Ne2 Rc2 28.Rxc2 Ne3+ 29.Kg1 Nxc2
30.Rc1 Nb4 31.a3 Nd3 32.Rc2 f5 33.Rd2 e4 34.fxe4 fxe4 35.Nc3 Ne5 36.Rf2+ Ke7
37.Nxe4 Rb8 38.Re2 Nf3+ 39.Kf2 Nd4 40.Rd2 Nb3 41.Rd5 Ke6 42.Rd1 Ke5 43.Re1 Kd4
44.Kf3 Na5 45.Rd1+ Ke5 46.Nc5 Rf8+ 47.Ke2  1-0

[Event "Reykjavik op"]
[Site "Reykjavik"]
[Date "1986.??.??"]
[Round "7"]
[White "Nikolic, Predrag"]
[Black "Salov, Valery"]
[Result "0-1"]
[WhiteElo "2565"]
[BlackElo "2525"]

1.d4 Nf6 2.c4 e6 3.Nf3 b6 4.a3 Ba6 5.Qc2 Bb7 6.Nc3 c5 7.e4 cxd4 8.Nxd4 d6
9.Be2 Nbd7 10.O-O a6 11.Be3 Be7 12.Rfd1 O-O 13.a4 Qc7 14.f3 Rfe8 15.Kh1 Rac8
16.a5 d5 17.axb6 Nxb6 18.cxd5 exd5 19.Bxa6 Bxa6 20.Rxa6 Nc4 21.Bg1 Qb7 22.Ra2 dxe4
23.fxe4 Bf8 24.Re1 Bb4 25.Nf5 Bc5 26.b3 Na3 27.Qb2 Bf8 28.Re3 Ra8 29.Qe2 g6
30.e5 Nd7 31.e6 fxe6 32.Rxe6 Nf6 33.Nd4 Qf7 34.Qf3 Nh5 35.Qxf7+ Kxf7 36.Rf2+ Kg8
37.Ne4 Bg7 38.Rd2 Nf4 39.Nf6+ Bxf6 40.Rxf6 Nd5 41.Rf1 Nc3 42.Rd3 Rac8 43.h3 Red8
44.Rff3 Ne4 45.Kh2 Nb1 46.Rd1 Nbc3 47.Rc1 Nd5 48.Re1 Re8 49.Rd3 Nc5 50.Rdd1 Rxe1
51.Rxe1 Nd3 52.Ra1 Rc7 53.Ra5 N5b4 54.Rb5 Kf7 55.Nf3 Rc2 56.Rb7+ Ke8 57.Be3 Nd5
58.Bd2 h5 59.Ra7 N5f4 60.h4 Rb2 61.b4 Kf8 62.Rd7 Rb3 63.Ng5 Rb2 64.Bxf4  0-1

[Event "Reykjavik op"]
[Site "Reykjavik"]
[Date "1986.??.??"]
[Round "9"]
[White "Miles, Anthony J"]
[Black "Nikolic, Predrag"]
[Result "1/2-1/2"]
[WhiteElo "2610"]
[BlackElo "2565"]

1.d4 Nf6 2.c4 e6 3.Nf3 Bb4+ 4.Nbd2 b6 5.a3 Bxd2+ 6.Qxd2 Bb7 7.e3 O-O 8.Be2 Ne4
9.Qd3 d5 10.O-O dxc4 11.Qxc4 Ba6 12.Qc2 Bxe2 13.Qxe2 Qd5 14.Rd1 Nd7 15.Ne1 f5
16.f3 Nd6 17.Nd3 e5 18.Nb4 Qf7 19.Qc2 a5 20.Nc6 Rfe8 21.Bd2 exd4 22.Nxd4 c5
23.Ne2 Ne5 24.Ng3 a4 25.Bc3 Nec4 26.Nf1 b5 27.Rd3 Rab8 28.Be1 Nb7 29.Rad1 Rbd8
30.Bc3 h6 31.Kf2 Qe6 32.Rxd8 Rxd8 33.Rd3 Rd5 34.Rxd5 Qxd5 35.Ng3 Nbd6 36.Nh5 Ne5
37.Nf4 Qc4 38.Qd2 Ndf7 39.h4 b4 40.Bxe5 Nxe5 41.h5 Qb3 42.Kg3 Kh7 43.axb4 Qxb4
44.Qc1 c4 45.Qb1 Nd3 46.Nxd3 cxd3 47.Qxd3 Qxb2 48.Qxf5+ Kh8 49.Qf8+ Kh7  1/2-1/2

[Event "Reykjavik op"]
[Site "Reykjavik"]
[Date "1986.??.??"]
[Round "11"]
[White "De Firmian, Nick E"]
[Black "Nikolic, Predrag"]
[Result "0-1"]
[WhiteElo "2520"]
[BlackElo "2565"]

1.e4 e5 2.Nf3 Nc6 3.Bb5 a6 4.Ba4 Nf6 5.O-O Be7 6.Re1 b5 7.Bb3 O-O 8.c3 d6
9.h3 Na5 10.Bc2 c5 11.d4 Qc7 12.Nbd2 cxd4 13.cxd4 Bd7 14.Nf1 Rac8 15.Ne3 Nc6
16.dxe5 Nxe5 17.Nd4 Rfe8 18.b3 Bxh3 19.Bb2 Bd7 20.Rc1 g6 21.Ne2 Bc6 22.Ng3 Bf8
23.Bb1 Qb6 24.Bd4 Qb7 25.f3 h5 26.Kf2 Bg7 27.Qd2 Bd7 28.Rcd1 h4 29.Ne2 h3
30.Ng3 hxg2 31.Kxg2 Rcd8 32.Kf2 d5 33.Nxd5 Nxd5 34.exd5 Nxf3 35.Kxf3 Qxd5+
36.Be4 Rxe4 37.Rxe4 f5 38.Bxg7 fxe4+ 39.Ke3 Qg5+ 40.Kf2 Qxd2+ 41.Rxd2 Kxg7
42.Nxe4 Rf8+ 43.Kg3 Bf5 44.Nd6 Bb1 45.Rb2 Rf1 46.Rd2 Kf6 47.Nb7 Ke5 48.Nc5 a5
49.a4 Rc1 50.Nb7 bxa4 51.bxa4 Be4 52.Nxa5 Rc5  0-1

[Event "Belgrade"]
[Site "Belgrade"]
[Date "1987.??.??"]
[Round "?"]
[White "Nikolic, Predrag"]
[Black "Hjartarson, Johann"]
[Result "1-0"]
[WhiteElo "2620"]
[BlackElo "2550"]

1.d4 Nf6 2.c4 e6 3.Nf3 b6 4.g3 Bb7 5.Bg2 Be7 6.O-O O-O 7.Nc3 Ne4 8.Qc2 Nxc3
9.Qxc3 f5 10.Ne5 Qc8 11.h4 d6 12.Nd3 Bxg2 13.Kxg2 Bf6 14.Bg5 Qb7+ 15.f3 Nd7
16.b4 a5 17.b5 Rae8 18.Rae1 h6 19.Bxf6 Nxf6 20.a4 c6 21.Rb1 Nh5 22.c5 dxc5
23.dxc5 Rc8 24.Qe5 Kh8 25.Rfc1 Nf6 26.cxb6 cxb5 27.Rxc8 Rxc8 28.Rxb5  1-0

[Event "Belgrade"]
[Site "Belgrade"]
[Date "1987.??.??"]
[Round "?"]
[White "Nikolic, Predrag"]
[Black "Kortschnoj, Viktor"]
[Result "1-0"]
[WhiteElo "2620"]
[BlackElo "2630"]

1.d4 Nf6 2.c4 g6 3.Nf3 Bg7 4.g3 c5 5.d5 b5 6.Bg2 bxc4 7.Ne5 d6 8.Nxc4 O-O
9.O-O Ba6 10.Qa4 Nfd7 11.Qc2 Bxc4 12.Qxc4 Nb6 13.Qc2 Na6 14.Nc3 Qd7 15.Rb1 Rfb8
16.Qe4 Nc7 17.Bg5 Nc8 18.Qc2 Nb5 19.Nxb5 Rxb5 20.Be4 Qg4 21.Bf4 Nb6 22.b3 c4
23.b4 Nxd5 24.Bf3 Qc8 25.a4 Nxb4 26.Qc1 Na2 27.Qa3 Rxb1 28.Rxb1 Nc3 29.Rc1 Rb8
30.Rxc3 Bxc3 31.Qxc3 Rb3 32.Qc2 Rb4 33.Qe4 a5 34.Qxe7 Qh3 35.Be4  1-0

[Event "Belgrade"]
[Site "Belgrade"]
[Date "1987.??.??"]
[Round "?"]
[White "Timman, Jan H"]
[Black "Nikolic, Predrag"]
[Result "1-0"]
[WhiteElo "2630"]
[BlackElo "2620"]

1.Nf3 Nf6 2.c4 e6 3.Nc3 Bb4 4.Qc2 O-O 5.a3 Bxc3 6.Qxc3 b6 7.b4 a5 8.Bb2 axb4
9.axb4 Rxa1+ 10.Bxa1 c5 11.e3 Nc6 12.b5 Ne7 13.Be2 d5 14.O-O Bb7 15.d3 Nf5
16.Qe5 d4 17.exd4 Nd7 18.Qf4 Bxf3 19.Bxf3 Nxd4 20.Bxd4 cxd4 21.Qxd4 Nc5 22.Qxd8 Rxd8
23.Ra1 Kf8 24.Ra6 Nxa6 25.bxa6 Rd7 26.Kf1 Ra7 27.Bb7 Ke7 28.Ke2 Kd6 29.d4 Kc7
30.Kd3 Rxb7 31.axb7 Kxb7 32.Kc3 Kc6 33.Kb4 f6 34.g3 h5 35.f4 g5 36.fxg5 fxg5
37.h3 Kb7 38.Kb5 Kc7 39.g4 h4 40.c5 bxc5 41.dxc5 e5 42.Kb4  1-0

[Event "Belgrade"]
[Site "Belgrade"]
[Date "1987.??.??"]
[Round "?"]
[White "Nikolic, Predrag"]
[Black "Ljubojevic, Ljubomir"]
[Result "1/2-1/2"]
[WhiteElo "2620"]
[BlackElo "2625"]

1.d4 d5 2.c4 dxc4 3.Nf3 Nf6 4.e3 e6 5.Bxc4 c5 6.O-O a6 7.a4 Nc6 8.Qe2 cxd4
9.Rd1 Be7 10.Nxd4 Nxd4 11.exd4 O-O 12.Nc3 Qd6 13.Bg5 Nd5 14.Bxe7 Nxe7 15.d5 exd5
16.Nxd5 Nxd5 17.Bxd5  1/2-1/2

[Event "Belgrade"]
[Site "Belgrade"]
[Date "1987.??.??"]
[Round "?"]
[White "Nikolic, Predrag"]
[Black "Short, Nigel D"]
[Result "1-0"]
[WhiteElo "2620"]
[BlackElo "2620"]

1.d4 e6 2.c4 f5 3.g3 Nf6 4.Bg2 d5 5.Nh3 Be7 6.O-O c6 7.Qc2 O-O 8.Nd2 Bd7
9.Nf3 Ne4 10.Ne5 Bf6 11.b3 Qb6 12.Bb2 Bxe5 13.dxe5 Na6 14.Rad1 Nb4 15.Qb1 a5
16.Bd4 Qd8 17.f3 Ng5 18.Nf4 Qe7 19.Qb2 c5 20.Bf2 d4 21.e3 dxe3 22.Bxe3 Nf7
23.a3 Na6 24.Qd2 Bc6 25.Qxa5 Nxe5 26.Qc3 Qf6 27.Bc1 Nd7 28.Qxf6 Rxf6 29.Bb2 e5
30.Nd5 Rf7 31.f4 e4 32.Bh3 Re8 33.Ne3 Ref8 34.Rd6 Nc7 35.Rfd1 Ne8 36.Rxc6 bxc6
37.Bxf5 Nef6 38.Be6 Rb8 39.Be5 Re8 40.Rd6 Kf8 41.Bxf7 Kxf7 42.Rxc6 Nxe5 43.fxe5 Rxe5
44.a4 Nd7 45.a5 Re8 46.a6 Ra8 47.Nd5 Ne5 48.Rb6 e3 49.Nxe3  1-0